| 000 | 00000nas 2200000zi 4500 |
| 001 | 9.949977 |
| 003 | CaOODSP |
| 005 | 20250410151921 |
| 006 | m o d f |
| 007 | cr cn |||||||| |
| 008 | 250410d19972002oncar p o f0 0eng|d |
| 040 | |aCaOODSP|beng|erda|cCaOODSP |
| 041 | 0 |aeng|afre |
| 043 | |an-cn--- |
| 086 | 1 |aNR1-1E-PDF|zNR1-1-PDF |
| 110 | 2 |aNational Research Council Canada.|eauthor, |eissuing body. |
| 245 | 10|aAnnual report / |cNRC = CNRC. |
| 246 | 1 |iIssue for 1996/1997 has added title page title in French: |aRapport annuel |
| 246 | 1 |iIssues for 2000/2001-2001/2002 have title: |aNRC annual report |
| 246 | 3 |aNational Research Council annual report |
| 264 | 1|a[Ottawa] : |bNational Research Council Canada = Conseil national de recherches Canada, |c1997-2002. |
| 310 | |aAnnual |
| 336 | |atext|btxt|2rdacontent |
| 337 | |acomputer|bc|2rdamedia |
| 338 | |aonline resource|bcr|2rdacarrier |
| 362 | 1 |aBegan with: 1996/1997; ceased with: 2001/2002. |
| 546 | |aText in English and French. |
| 588 | |aDescription based on: 1996/1997; title from PDF title page. |
| 588 | |aLatest issue consulted: 2001/2002. |
| 610 | 20|aNational Research Council Canada|vPeriodicals. |
| 650 | 0|aResearch|zCanada|vPeriodicals. |
| 650 | 0|aResearch, Industrial|zCanada|vPeriodicals. |
| 655 | 7|aPeriodicals|2lcgft |
| 775 | 08|tRapport annuel / |w(CaOODSP)9.949986 |
| 780 | 00|tReport to Parliament / |w(CaOODSP)9.949961 |
| 785 | 00|tNational Research Council Canada review : |w(CaOODSP)9.950011 |